San Diego international law journal. (Record no. 1584)

MARC details
000 -LEADER
fixed length control field 02531cas a2200625 a 4500
001 - CONTROL NUMBER
control field data
005 - DATE AND TIME OF LATEST TRANSACTION
control field 20260322212107.0
006 - FIXED-LENGTH DATA ELEMENTS--ADDITIONAL MATERIAL CHARACTERISTICS
fixed length control field data
007 - PHYSICAL DESCRIPTION FIXED FIELD--GENERAL INFORMATION
fixed length control field data
008 - FIXED-LENGTH DATA ELEMENTS--GENERAL INFORMATION
fixed length control field data
010 ## - LIBRARY OF CONGRESS CONTROL NUMBER
LC control number 2010268008
019 ## -
-- 1440455928
-- 525604128
-- 980554660
-- 993933320
-- 995515476
-- 1099066515
-- 1105248099
-- 1149177001
-- 1229889586
-- 1297936714
-- 1440455928
022 0# - INTERNATIONAL STANDARD SERIAL NUMBER
International Standard Serial Number 2995-1054
Incorrect ISSN 1539-7904
Source 1
023 0# - CLUSTER ISSN
Source 1
029 0# - OTHER SYSTEM CONTROL NUMBER (OCLC)
OCLC library identifier OCLCS
System control number OP-39817
029 1# - OTHER SYSTEM CONTROL NUMBER (OCLC)
OCLC library identifier AU@
System control number 000044928080
029 1# - OTHER SYSTEM CONTROL NUMBER (OCLC)
OCLC library identifier AU@
System control number 000045237481
029 1# - OTHER SYSTEM CONTROL NUMBER (OCLC)
OCLC library identifier AU@
System control number 000045715476
029 1# - OTHER SYSTEM CONTROL NUMBER (OCLC)
OCLC library identifier CHDSB
System control number 006412893
029 1# - OTHER SYSTEM CONTROL NUMBER (OCLC)
OCLC library identifier NZ1
System control number 12251670
029 1# - OTHER SYSTEM CONTROL NUMBER (OCLC)
OCLC library identifier NZ1
System control number 16256123
029 1# - OTHER SYSTEM CONTROL NUMBER (OCLC)
OCLC library identifier OCLCS
System control number 91498
029 1# - OTHER SYSTEM CONTROL NUMBER (OCLC)
OCLC library identifier AU@
System control number 000075727601
035 ## - SYSTEM CONTROL NUMBER
System control number (OCoLC)54398088
040 ## - CATALOGING SOURCE
Original cataloging agency KWL
Language of cataloging eng
Transcribing agency KWL
Modifying agency OCLCQ
-- OCLCS
-- TXJ
-- CUD
-- NDO
-- OCLCQ
-- OCLCF
-- OCLCQ
-- WT2
-- OCLCQ
-- AU@
-- VT2
-- UUM
-- CLU
-- OCLCQ
-- SXB
-- OCLCQ
-- DLC
-- OCLCL
-- CCO
-- LND
-- FIE
-- UEJ
-- VGL
-- OCLCQ
042 ## - AUTHENTICATION CODE
Authentication code nsdp
-- nsdp
050 00 - LIBRARY OF CONGRESS CALL NUMBER
Classification number K23
082 10 - DEWEY DECIMAL CLASSIFICATION NUMBER
Classification number 341
Edition information 13
Real World Object URI https://id.oclc.org/worldcat/ddc/E39rQc6jXk3fJrVgb63DqfDPpy
210 0# - ABBREVIATED TITLE
Abbreviated title San Diego int. law j.
Qualifying information (Online)
222 #0 - KEY TITLE
Key title San Diego international law journal
Qualifying information (Online)
245 00 - TITLE STATEMENT
Title San Diego international law journal.
246 1# - VARYING FORM OF TITLE
Title proper/short title SDILJ
260 ## - PUBLICATION, DISTRIBUTION, ETC.
Place of publication, distribution, etc. San Diego, Calif. :
Name of publisher, distributor, etc. University of San Diego School of Law,
Date of publication, distribution, etc. 2000-
310 ## - CURRENT PUBLICATION FREQUENCY
Current publication frequency Two issues per year,
Date of current publication frequency 2004/2005-
321 ## - FORMER PUBLICATION FREQUENCY
Former publication frequency Annual,
Dates of former publication frequency 2000-2004
336 ## - CONTENT TYPE
Content type term text
Content type code txt
Source rdacontent
337 ## - MEDIA TYPE
Media type term computer
Media type code c
Source rdamedia
338 ## - CARRIER TYPE
Carrier type term online resource
Carrier type code cr
Source rdacarrier
362 0# - DATES OF PUBLICATION AND/OR SEQUENTIAL DESIGNATION
Dates of publication and/or sequential designation Vol. 1 (2000)-
500 ## - GENERAL NOTE
General note Title from title screen (Hein Online, viewed Feb. 11, 2004).
588 1# - SOURCE OF DESCRIPTION NOTE
Source of description note Volume 24, Issue 2 (2023) (Digital USD, viewed October 30, 2023).
650 #0 - SUBJECT ADDED ENTRY--TOPICAL TERM
Topical term or geographic name entry element International law
Form subdivision Periodicals.
650 #7 - SUBJECT ADDED ENTRY--TOPICAL TERM
Topical term or geographic name entry element International Law.
Source of heading or term ebps
650 #7 - SUBJECT ADDED ENTRY--TOPICAL TERM
Topical term or geographic name entry element International law.
Source of heading or term fast
Authority record control number or standard number (OCoLC)fst00976984
650 17 - SUBJECT ADDED ENTRY--TOPICAL TERM
Topical term or geographic name entry element Droit international.
Source of heading or term rasuqam
655 #7 - INDEX TERM--GENRE/FORM
Genre/form data or focus term Periodicals.
Source of term fast
Authority record control number or standard number (OCoLC)fst01411641
710 2# - ADDED ENTRY--CORPORATE NAME
Corporate name or jurisdiction name as entry element University of San Diego.
Subordinate unit School of Law.
776 08 - ADDITIONAL PHYSICAL FORM ENTRY
Relationship information Print version, -2016:
Title San Diego international law journal
International Standard Serial Number 1539-7904
Record control number (OCoLC)44268668
-- (OCoLC)44268668
859 40 - LOCAL CONTROL INFORMATION (RLIN)
-- https://digital.sandiego.edu/ilj/
859 40 - LOCAL CONTROL INFORMATION (RLIN)
-- http://heinonline.org/HOL/Index?index=journals/sdintl&collection=journals
906 ## - LOCAL DATA ELEMENT F, LDF (RLIN)
a 7
b cbc
c sercoop
d u
e ncip
f 20
g n-oclcserc
925 0# -
-- Acquire
-- policy default, esb 2023-10-20
955 ## - COPY-LEVEL INFORMATION (RLIN)
-- xf24 2023-10-30
963 ## -
-- [email protected]
Holdings
Withdrawn status Lost status Damaged status Not for loan Home library Current library Shelving location Date acquired Total checkouts Full call number Barcode Date last seen Price effective from Koha item type
        Liberty Liberty General stacks 22/03/2026   341 LOC-LPL-00047 22/03/2026 22/03/2026 Books